LEADER 01045nam0-22003011i-450- 001 990006851300403321 005 20001010 035 $a000685130 035 $aFED01000685130 035 $a(Aleph)000685130FED01 035 $a000685130 100 $a20001010d--------km-y0itay50------ba 101 0 $aita 105 $ay-------001yy 200 1 $aATTI dell'incontro di studio Colonie africane e cultura italiana fra Ottocento e Novecento$ele esplorazioni e la geografia. Istituto italo-africano, Roma, 20 maggio 1994$fA cura di Claudio Cerreti. 210 $aRoma$cCisu$d1995. 215 $aVIII, 288 p.$d24 cm 300 $aIn testa al front.: Centro italiano per gli studi storico-geografici. 676 $a910.9 702 1$aCerreti,$bClaudio 801 0$aIT$bUNINA$gRICA$2UNIMARC 901 $aBK 912 $a990006851300403321 952 $aXIV B 1593$b30723$fFSPBC 959 $aFSPBC 996 $aATTI dell'incontro di studio Colonie africane e cultura italiana fra Ottocento e Novecento$9626886 997 $aUNINA DB $aGEN01 LEADER 01075nmm0-2200361---450- 001 990009097640403321 005 20091001192340.0 010 $a978-3-527-40626-5 035 $a000909764 035 $aFED01000909764 035 $a(Aleph)000909764FED01 035 $a000909764 100 $a20091001d2007----km-y0itay50------ba 101 0 $aeng 102 $aDE 105 $aa-------001yy 200 1 $aComputational physics$eproblems solving with computers$fRubin H. Landau, Manuel J. Paez, and Cristian C. Bordeianu 205 $a2nd 210 $aWeinheim$cWiley-VCH$dc2007 215 $aXXI, 593 p.$cill.$d24 cm$eCD-Rom 225 1 $aPhysics textbook 327 1 $aRevised and enlarged edition 610 0 $aFisica computazionale 700 1$aLandau,$bRubin H.$060004 701 1$aPaez,$bManuel J.$0352563 701 1$aBordeianu,$bCristian C.$0506135 801 0$aIT$bUNINA$gRICA$2UNIMARC 901 $aBK 912 $a990009097640403321 952 $a16C-003.001$b23333$fFI1 959 $aFI1 996 $aComputational physics$9784970 997 $aUNINA LEADER 01884nam 2200505Ia 450 001 9910699741103321 005 20101201102149.0 035 $a(CKB)5470000002405536 035 $a(OCoLC)688481458 035 $a(EXLCZ)995470000002405536 100 $a20101201d1985 ua 0 101 0 $aeng 135 $aurbn||||||||| 181 $ctxt$2rdacontent 182 $cc$2rdamedia 183 $acr$2rdacarrier 200 10$aReview and critical analysis--rolling-element bearings for system life and reliability$b[electronic resource] /$fArthur S. Irwin, William J. Anderson, and William J. Derner 210 1$a[Cleveland, Ohio] :$cNational Aeronautics and Space Administration, Lewis Research Center,$d[1985] 215 $a1 online resource (i, 232 pages) $cdigital, PDF file 225 1 $aUSAAVSCOM technical report ;$v85-F-1 225 1 $aNASA contractor report ;$v174710 300 $aTitle from title screen (viewed Nov. 30, 2010). 300 $a"March 1985." 300 $a"Prepared for Lewis Research Center under contract NAS 3-23520." 320 $aIncludes bibliographical references (pages 41-42). 606 $aAeronautical engineering$2nasat 606 $aBall bearings$2nasat 606 $aMilitary operations$2nasat 606 $aQuality control$2nasat 606 $aRoller bearings$2nasat 615 7$aAeronautical engineering. 615 7$aBall bearings. 615 7$aMilitary operations. 615 7$aQuality control. 615 7$aRoller bearings. 700 $aIrwin$b Arthur S$01404011 701 $aAnderson$b William J$060515 701 $aDerner$b William J$029692 712 02$aLewis Research Center. 801 0$bGPO 801 1$bGPO 906 $aBOOK 912 $a9910699741103321 996 $aReview and critical analysis--rolling-element bearings for system life and reliability$93477766 997 $aUNINA